Statistics for Flags of the countries of the world in 1850

Click here to take the quiz!

General Stats

  • This quiz has been taken 88 times
  • The average score is 25 of 99

Answer Stats

Answer% Correct
Switzerland
95%
Belgium
75%
United States
73%
Mexico
68%
Papal States
68%
Chile
63%
Denmark
63%
Norway
63%
Spain
63%
France
62%
Nepal
62%
Costa Rica
60%
Netherlands
60%
United Kingdom
60%
Russian Empire
58%
Haiti
57%
Liberia
57%
Ottoman Empire
57%
Uruguay
57%
Luxembourg
55%
Sweden
55%
Peru
53%
Siam
52%
Paraguay
50%
Brazil
47%
Portuguese Empire
47%
Prussia
45%
Austrian Empire
43%
Hawaii
43%
British India
40%
Venezuela
38%
Argentine Confederation
37%
Guatemala
30%
Bavaria
28%
Benin
27%
Baden
23%
Kingdom of Sardinia
23%
San Marino
23%
Morocco
22%
Aro Confederacy
20%
Bremen
20%
Moldavia
20%
El Salvador
18%
Hanover
18%
Hamburg
17%
Monaco
15%
Nicaragua
15%
Bolivia
13%
Brunei
13%
Brunswick
13%
Cambodia
13%
Duchy of Nassau
13%
Ethiopia
13%
Honduras
13%
Montenegro
13%
Ryūkyū Kingdom
13%
Saxony
13%
Ashanti Empire
12%
Bukhara
12%
Free City of Frankfurt
12%
United States of the Ionian Islands
12%
Andorra
10%
Oldenburg
10%
Duchy of Parma Piacenza and Guastalla
8%
Ecuador
8%
Kathiri
8%
Republic of Maryland
8%
Sultanate of Sulu
8%
Tahiti
8%
Barotseland
7%
Bornu Empire
7%
Hyderabad
7%
Negeri Sembilan
7%
Sokoto Caliphate
7%
Bora Bora
5%
Bunyoro
5%
Free City of Lübeck
5%
Granadine Confederation
5%
Kingdom of Kongo
5%
Kingdom of Lombardy-Venetia
5%
Perak
5%
Tooro Kingdom
5%
Ankole
3%
Bohemia
3%
Couto Misto
3%
Duchy of Limburg
3%
Huahine
3%
Johor Sultanate
3%
Kingdom of the Two Sicilies
3%
Lippe
3%
Pahang
3%
Raiatea
3%
Selangor
3%
Yeke Kingdom
3%
Croatia
2%
Duchy of Modena and Reggio
2%
Garwhal
2%
Kingdom of Mangareva
2%
Liechtenstein
2%

Score Distribution

Percentile by Number Answered

Percent of People with Each Score

Your Score History

You have not taken this quiz